Bases estabilizadas para pavimentos semi-rigidos

Saved in:
Bibliographic Details
Main Author: Miranda Fonseca, Jorge Hugo
Format: Thesis Book
Language:Undetermined
Published: 1986
Subjects:
Tags: Add Tag
No Tags, Be the first to tag this record!

MARC

LEADER 00000nam a2200000Ia 4500
001 4037
008 140114s9999 xx 000 0 und d
100 |a Miranda Fonseca, Jorge Hugo 
245 |a Bases estabilizadas para pavimentos semi-rigidos 
260 |c 1986 
500 |a NULL 
502 |a Escuela de ingenieria Civil 
650 |z BASES ESTABILIZADAS 
999 |c 11728  |d 11728